000 00751nam a2200229Ii 4500
003 JO-AjNU
008 230605s9999||||xx |||||||||||||| ||und||
017 _a2011/3/0198
020 _a978-9957-07-915-4
040 _aJO-AjNU
_bara
_erda
_cJO-AjNU
041 _aara
050 1 4 _aBF713.M8482 2017
100 3 _aملحم، سامي محمد,
_eauthor
_960674
245 0 0 _aعلم النفس النمو: دورة حياة الانسان = Developmental Psychology
250 _aط4
264 3 1 _aعمان: دار الفكر ناشرون وموزعون، 2017
300 _a560ص
336 _atext
_btxt
_2rdacontent
337 _aunmediated
_bn
_2rdamedia
338 _avolume
_bnc
_2rdacarrier
650 4 _aعلم النفس النمو
_960675
999 _aA27373
_c30941
_d30941